000 00762nam a2200253 i 4500
001 000027988
003 DO-SdBNP
005 20260115084220.0
007 ta
008 110406s1995 dr 000 0 spa d
040 _aDO-SdBNP
_bspa
_cBNPHU
_erda
041 _aspa
049 _aBNPD
082 4 _axxx
_bH519a
_222
100 1 _aHenríquez Gratereaux, Federico,
_d1937-
_eautor
_4aut.
_92003
245 1 0 _aUn antillano en Israel /
_cFederico Henríquez Gratereaux.
264 4 _aSanto Domingo, República Dominicana :
_bEditora Taller,
_c©1995.
300 _a30 páginas ;
_c21 cm.
336 _atexto
_btxt
_2rdacontent
337 _asin medición
_bn
_2rdamedia
338 _avolumen
_bnc
_2rdacarrier
590 _aInventariado, 2026/BT
942 _2ddc
_cLF2
999 _c27480
_d27480